Anti karma(ആൻറി കർമ്മ) (Record no. 115315)

MARC details
000 -LEADER
fixed length control field 00227 a2200097 4500
020 ## - INTERNATIONAL STANDARD BOOK NUMBER
International Standard Book Number 9789364870467
100 ## - MAIN ENTRY--PERSONAL NAME
Personal name M. P. Lipin Raj
245 ## - TITLE STATEMENT
Title Anti karma(ആൻറി കർമ്മ)
260 ## - PUBLICATION, DISTRIBUTION, ETC. (IMPRINT)
Name of publisher, distributor, etc D C books
Date of publication, distribution, etc 2024
942 ## - ADDED ENTRY ELEMENTS (KOHA)
Koha item type On order/under processing
Holdings
Withdrawn status Lost status Damaged status Not for loan Home library Current library Date acquired Source of acquisition Cost, normal purchase price Total Checkouts Barcode Date last seen Cost, replacement price Price effective from Koha item type
        University Library University Library 02/03/2026 275 199.34   00097397 02/03/2026 299.00 02/03/2026 On order/under processing
University Library, CUSAT